000 00601nam a2200241Ia 4500
003 OSt
005 20221005071959.0
006 a|||||r|||| 00| 0
007 ta
008 221004b |||||||| |||| 00| 0 eng d
024 _a67952
037 _cTextual
040 _aCRL
_cCRL
_beng
041 _2eng
_aeng
082 _aXM2v2, M6
100 _aSahai Krishna
245 0 _aSocialist movement in India
260 _aNew Delhi
_bClassical
_c1986
300 _a204p.
_ccm.
650 _aECONOMICS
942 _hXM2v2, M6
_cTEXL
_2cc
999 _c978675
_d978675